All 1k+ Cities in Lazio - Statistics

General Stats
  • This quiz has been taken 36 times
  • The average score is 50 of 337
Answers on the Map
Answers color-coded by a green-red scale on the quiz's map according to % correct below.
 
Answer Stats
Population Answer % Correct
2318895 Roma
83%
22018 Tivoli
83%
45403 Anzio
67%
26634 Fondi
67%
20943 Guidonia
67%
8360 Itri
67%
76305 Latina
67%
37225 Monterotondo
67%
8743 Sabaudia
67%
3008 Sperlonga
67%
30980 Terracina
67%
26684 Albano Laziale
50%
1046 Amatrice
50%
9206 Anagni
50%
41094 Aprilia
50%
17078 Ardea
50%
17487 Ariccia
50%
12459 Bracciano
50%
21074 Cassino
50%
35174 Ciampino
50%
27362 Cisterna di Latina
50%
47543 Civitavecchia
50%
20736 Colleferro
50%
28521 Formia
50%
44502 Frosinone
50%
19936 Gaeta
50%
20582 Genzano di Roma
50%
17043 Mentana
50%
16236 Minturno
50%
44756 Nettuno
50%
14925 Palestrina
50%
22347 Pomezia
50%
6407 Pontinia
50%
1831 Ponza
50%
39068 Rieti
50%
6497 San Felice Circeo
50%
11949 Tarquinia
50%
13001 Valmontone
50%
48443 Velletri
50%
47134 Viterbo
50%
4158 Acquapendente
33%
1054 Agosta
33%
3603 Allumiere
33%
14121 Anguillara Sabazia
33%
1497 Arsoli
33%
10805 Artena
33%
3468 Bolsena
33%
3694 Castel Gandolfo
33%
6037 Castel Madama
33%
1163 Cerreto Laziale
33%
15883 Cerveteri
33%
6376 Cori
33%
11417 Fiano Romano
33%
20036 Frascati
33%
1049 Gerano
33%
34204 Ladispoli
33%
6467 Lanuvio
33%
6406 Marcellina
33%
38013 Marino
33%
3165 Montecelio
33%
1374 Monteflavio
33%
3824 Montelibretti
33%
6821 Monte Porzio Catone
33%
2554 Monterosi
33%
2035 Montorio Romano
33%
2383 Moricone
33%
1156 Nemi
33%
6186 Nepi
33%
6044 Palombara Sabina
33%
7994 Pontecorvo
33%
15036 Rocca di Papa
33%
1370 Roviano
33%
14034 Santa Marinella
33%
16071 Sezze
33%
23758 Sora
33%
4421 Tolfa
33%
17235 Torvaianica
33%
7226 Tuscania
33%
11509 Zagarolo
33%
10308 Alatri
17%
2661 Albuccione
17%
2517 Antrodoco
17%
1024 Arci-Empolitana
17%
9418 Bagni di Tivoli
17%
1025 Bassano in Teverina
17%
1183 Bivio San Polo
17%
2549 Blera
17%
1595 Bomarzo
17%
3037 Borgo Hermada
17%
1623 Borgo Podgora
17%
1507 Broccostella
17%
3792 Campo di Carne
17%
1273 Campoleone
17%
3528 Campo Limpido-Favale
17%
1284 Cantalupo in Sabina
17%
5542 Capena
17%
4483 Carpineto Romano
17%
1654 Castel Chiodato
17%
2676 Castelforte
17%
3760 Castelnuovo di Porto
17%
14805 Ceccano
17%
5740 Ceprano
17%
4148 Cervaro
17%
1117 Ciciliano
17%
2411 Cittaducale
17%
4777 Colle Verde
17%
4175 Colleverde II
17%
3620 Colonna
17%
2230 Contigliano
17%
1120 Cretone
17%
12539 Ferentino
17%
9325 Fiuggi
17%
5143 Formello
17%
6727 Fregene
17%
3776 Gallicano nel Lazio
17%
18144 Grottaferrata
17%
3912 Grunuovo-Campomaggiore San Luca
17%
2217 Ischia di Castro
17%
4408 Labico
17%
1550 La Botte
17%
2829 | 4035 Laghetto
17%
12893 Lariano
17%
6883 Latina Scalo
17%
1268 Le Forna
17%
2855 Lenola
17%
1118 Leonessa
17%
79400 Lido di Ostia
17%
1627 Maenza
17%
2823 Maranola-Trivio
17%
6839 Marco Simone
17%
1090 Molella
17%
4623 Montalto di Castro
17%
5820 Montecompatri
17%
10637 Montefiascone
17%
1965 Monte Romano
17%
3481 Monte San Biagio
17%
6424 Morlupo
17%
1156 Nazzano
17%
3473 Norma
17%
3108 Oriolo Romano
17%
1210 Osteria Nuova
17%
3573 Passo Corese
17%
2132 Penitro
17%
3343 Poggio Mirteto
17%
2279 Poggio Moiano
17%
10005 Priverno
17%
6824 Rignano Flaminio
17%
2477 Roccagorga
17%
9034 Rocca Priora
17%
10529 San Cesareo
17%
1953 San Polo dei Cavalieri
17%
7053 Santa Lucia
17%
1931 Sant'Angelo Romano
17%
2830 Sant'Oreste
17%
4851 Setteville
17%
2865 Sezze Scalo
17%
3350 Sonnino
17%
5553 Soriano nel Cimino
17%
1114 Stimigliano
17%
6025 Subiaco
17%
20843 Tor Lupara
17%
2809 Valentano
17%
2419 Veroli
17%
3617 Vicovaro
17%
12008 Villa Adriana
17%
8831 Villalba
17%
15117 Villanova
17%
129362 Acilia-Castel Fusano-Ostia Antica
0%
1624 Acuto
0%
1325 Affile
0%
1002 Altipiani di Arcinazzo
0%
1616 Amaseno
0%
2108 Anitrella-Chiaiamari
0%
3735 Aquino
0%
6158 Ara Nova
0%
2154 Arce
0%
1105 Arcinazzo Romano
0%
1166 Armetta
0%
1535 Arpino
0%
1426 Atina Inferiore
0%
1248 Aurelia
0%
2326 Bagnoregio
0%
3728 Bassano Romano
0%
1002 Bella Farnia
0%
1929 Bellegra
0%
1767 Bivio di Capanelle
0%
1097 Borgo Grappa
0%
1039 Borgo Lotti
0%
2045 Borgo Sabotino-Foce Verde
0%
2149 Borgo San Michele
0%
1586 Caira
0%
1101 Camilleri-Vallelata
0%
7179 Campagnano di Roma
0%
1173 Campo Jemini
0%
1544 Campoleone di Lanuvio
0%
2080 Canale Monterano
0%
2916 Canepina
0%
4891 Canino
0%
1399 Capodimonte
0%
5271 Capranica
0%
4083 Caprarola
0%
1932 Carbognano
0%
2255 Carchitti
0%
2235 Carrara-Pontenuovo
0%
1145 Cartiera-Stazione
0%
1496 Casalazzara
0%
1622 Case Campoli-Panetta
0%
1172 Castagnetta
0%
2300 Castelliri
0%
1373 Castelmassimo
0%
2077 Castel Sant'Elia
0%
1995 Castiglione in Teverina
0%
8210 Cave
0%
9141 Cecchina
0%
1186 Cellere
0%
1082 Cerquotti-Madonna del Piano
0%
6549 Cesano
0%
11745 Civita Castellana
0%
1214 Civitella San Paolo
0%
2068 Cogna
0%
1958 Colle Campano-Scrima
0%
1018 Colle del Pino
0%
1740 Colle di Fuori
0%
2532 Collefontana-Fontana Liri Inferiore
0%
1228 Colle Mainello
0%
1016 Colle Spina
0%
1952 Colli di Enea
0%
1196 Colubro
0%
2861 Corchiano
0%
5788 Corcolle
0%
1289 Coreno Ausonio
0%
1715 Corvaro
0%
1439 Costaroni
0%
5108 Fabrica di Roma
0%
1607 Faleria
0%
1572 Farnese
0%
34556 Fiumicino-Isola Sacra
0%
3143 Focene
0%
1544 Forano
0%
3718 Fossignano
0%
1342 Fumone
0%
1542 Gallese
0%
4599 Genazzano
0%
4299 Genio Civile
0%
1616 Girardi-Bellavista-Terrazze
0%
2519 Giulianello
0%
1305 Gradoli
0%
2560 Grotte di Castro
0%
2802 Grotte Santo Stefano
0%
1157 Guarcino
0%
10805 Isola del Liri
0%
1515 La Forma
0%
11112 La Massimina-Casal Lumbroso
0%
2879 Le Rughe
0%
3094 Lido dei Pini
0%
1112 Maccarese
0%
1619 Macere
0%
1398 Magliano Romano
0%
2075 Magliano Sabina
0%
1130 Mantiglia di Ardea
0%
6125 Manziana
0%
20216 Marina di Ardea-Tor San Lorenzo
0%
7720 Marina di Cerveteri
0%
1673 Marina San Nicola
0%
3253 Marta
0%
2493 Mazzano Romano
0%
1451 Monte Caminetto
0%
1715 Montelanico
0%
1303 Montelarco
0%
2416 Monte Migliore-La Selvotta
0%
1254 Monte San Marino
0%
1216 Montopoli in Sabina
0%
4196 Npp 23 Parco Leonardo
0%
5614 Olevano Romano
0%
3865 Orte
0%
3251 Orte Scalo
0%
5748 Paliano
0%
4173 Passo Oscuro
0%
4766 Pavona
0%
1013 Pescia Romana
0%
3183 Piana del Sole
0%
1775 Piansano
0%
2513 Piedimonte San Germano
0%
1705 Piedimonte San Germano Alta
0%
3399 Piglio
0%
1064 Poggio Ellera
0%
1987 Poli
0%
4292 Ponte Galeria-La Pisana
0%
1736 Ponton dell'Elce
0%
1501 Prato di Coppola
0%
1279 Regolelli
0%
6784 Riano
0%
1769 Ripi
0%
1479 Roccasecca
0%
3029 Roccasecca Stazione
0%
7211 Ronciglione
0%
2871 Sacrofano
0%
1488 | 3153 San Bartolomeo
0%
1256 San Donato Val di Comino
0%
2069 San Giorgio a Liri
0%
1321 San Giovanni Incarico
0%
1086 San Giovanni-Patoni
0%
1655 San Giuseppe le Prata-Cotropagno
0%
1108 San Gregorio da Sassola
0%
1921 San Lorenzo Nuovo
0%
2340 San Martino al Cimino
0%
2063 Sant'Angelo in Villa-Giglio
0%
2813 Santa Rufina
0%
4218 Sant'Elia Fiumerapido
0%
3337 San Vito Romano
0%
1073 Sassacci
0%
1373 Scandriglia
0%
6713 Segni
0%
6772 Selcetta
0%
1066 Sermoneta
0%
1485 Sgurgola
0%
4482 Supino
0%
4162 Sutri
0%
5044 Tecchiena
0%
2694 Torvaianica Alta
0%
1608 Tragliatella Campitello
0%
3515 Trevignano Romano
0%
3764 Valcanneto
0%
2353 Vallecorsa
0%
4410 Valle Martella
0%
2530 Vallerano
0%
1763 Valle Santa
0%
3881 Vasanello
0%
1856 Vejano
0%
11231 Vetralla
0%
4326 Vignanello
0%
1251 Villa San Giovanni in Tuscia
0%
5799 Vitinia
0%
1982 Vitorchiano
0%
1707 Zepponami
0%
No matching quizzes found
Score Distribution
Percent of People with Each Score
Percentile by Number Answered
Your Score History
You have not taken this quiz